|
|
|
|
| LEADER |
00000nam0a2200000 4500 |
| 001 |
272822 |
| 005 |
20231101234554.0 |
| 035 |
|
|
|a (RuTPU)RU\TPU\book\296031
|
| 090 |
|
|
|a 272822
|
| 100 |
|
|
|a 20141021d1987 km y0rusy5003 ca
|
| 101 |
0 |
|
|a rus
|
| 102 |
|
|
|a RU
|
| 105 |
|
|
|a y z 000zy
|
| 200 |
1 |
|
|a Электронный разум: очерк исследований по проблеме искусственного интеллекта
|f А. Кондратов
|
| 210 |
|
|
|a Москва
|c Знание
|d 1987
|
| 215 |
|
|
|a 176 с.
|
| 606 |
1 |
|
|a Искусственный интеллект
|2 stltpush
|3 (RuTPU)RU\TPU\subj\13185
|9 39836
|
| 610 |
1 |
|
|a разум
|
| 610 |
1 |
|
|a исследования
|
| 610 |
1 |
|
|a ЭВМ
|
| 610 |
1 |
|
|a кибернетика
|
| 610 |
1 |
|
|a умственные способности
|
| 675 |
|
|
|a 681.5
|z rus
|v 3
|
| 675 |
|
|
|a 004.8
|z rus
|v 4
|
| 700 |
|
1 |
|a Кондратов
|b А. М.
|g Александр Михайлович
|4 070
|
| 801 |
|
0 |
|a RU
|b RuMRKP
|c 19950417
|g psbo
|
| 801 |
|
1 |
|a RU
|b 63413507
|c 20141021
|
| 801 |
|
2 |
|a RU
|b 63413507
|c 20161230
|g RCR
|
| 942 |
|
|
|c BK
|